| 000 | 00620nam a22001937a 4500 | ||
|---|---|---|---|
| 003 | koha_MIRAKIL | ||
| 005 | 20240930130317.0 | ||
| 008 | 231213b |||||||| |||| 00| 0 ||| d | ||
| 020 | _a9789752561151 | ||
| 040 |
_aTR-IsEVY _btur _cTR-IsEVY |
||
| 082 | _a372.24 SMI/B | ||
| 100 | _aSmith, Penny. | ||
| 245 | 0 |
_aBenim okulum _bDünya çocuklarının eğitim ve okul hayatı _cPenny Smith |
|
| 260 |
_bKaknüs Yayınları, _c2007. _aİstanbul : |
||
| 300 |
_a79 s. : _brenkli resimli ; _c30 cm. |
||
| 650 |
_aEğitim. _vFarklı Kültürler. _vDünya Okulları. |
||
| 650 | _aKim olduğumuz Who we are. | ||
| 942 |
_2ddc _cBK |
||
| 999 |
_c8491 _d8491 |
||